00510nam a2200181Ia 450000500170000000800410001702000100005804000190006804100120008708200150009910000100011424500950012426000310021930000210025065000130027165100340028485000100031820240415114556.0131103s9999 xx 000 0 und d cRs 85 aLoreto College aEnglish a516.3bDAS aDas,B aAnalytical geometry and vector analysisb For degree students of Indian University cB.Das aKolkatabOrient bookc1998 a420pb illus,fig aGeometry aMathematies.Geometry.Analytic aLCLIB